=LDR 00000nam 2200000 4500 =001 INLIS000000000045030 =005 20141210105046.0 =006 =007 =008 =020 ##$$a 979-769-861-X =035 ##$$0010-121400000000180 =040 ##$$a NBPDMAT =082 ##$$a 570.151 95 =090 ##$$a 570.151 95 $b Sut s =100 ##$$a Sutanto Priyo Hastono Priyo Hastono =245 ##$$aStatistik kesehatan / $c Sutanto Priyo Hastono, Lukni Sabri =250 ##$$a Cet.6 =260 ##$$a Jakarta : $b Rajawali Pers, $c 2006 =300 ##$$a x, 208 hlm. ; $c 20 cm. =500 ##$$a Bibliografi : hlm. 187 =650 ##$$a Biametri =700 ##$$a Luknis Sabri =850 ##$$a NBPDMAT =990 ##$$a 0001/BPAP-NTB/20142015 =990 ##$$a 0001/BPAP-NTB/20142015 =990 ##$$a 0001/BPAP-NTB/20142015 =990 ##$$a 0001/BPAP-NTB/2015 =990 ##$$a 0001/BPAP-NTB/2015